000 00283nam a22001337a 4500
008 170717b xxu||||| |||| 00| 0 eng d
020 _a2900534541469
041 _aeng
080 _a101
100 _a24
101 _aFIL
245 _aLOVERS OF WISDOM
_cKOLAK,D
942 _2udc
_cBK
999 _c21282
_d21282